Médaille d'or aux Jeux olympiques d'hiver de 2014 (avec une carte) - Statistiques

Statistiques générales
  • Ce quiz a été pris 174 fois
  • Le résultat moyen est 19 sur 21
Réponses sur la Carte
Les réponses sont colorées sur une échelle allant du rouge au vert en fonction du pourcentage des utilisateurs qui les ont devinées à leur premier essai. Vous pouvez retrouver ces pourcentages ci-dessous.
 
Statistiques - réponses
ors pays % Correct
9 Etats-Unis
100%
4 France
100%
8 Allemagne
99%
10 Canada
99%
11 Norvège
99%
13 Russie
99%
2 Suède
99%
1 Finlande
98%
3 Chine
97%
6 Suisse
97%
4 Autriche
95%
1 Japon
93%
4 Pologne
90%
8 Pays-Bas
88%
1 Ukraine
84%
2 Tchequie
78%
1 Grande Bretagne
77%
3 Corée du Sud
76%
1 Slovaquie
74%
2 Slovénie
71%
5 Biélorussie
67%
Aucun quiz correspondant
Distribution des résultats
% des personnes avec chaque résultat
Percentile par nombre de réponses
Votre historique - résultats
Vous n’avez pas pris ce quiz